[Event "Poltavskaya"]
[Site "Poltavskaya"]
[Date "2010.??.??"]
[Round "3"]
[White "Demurin, Evgeny"]
[Black "Kalenik, Roman"]
[Result "1/2-1/2"]
[WhiteElo "2100"]
[BlackElo "2210"]
[PlyCount "65"]
[EventDate "2010.??.??"]
[EventType "tourn"]
[EventRounds "11"]
[EventCountry "RUS"]
[EventCategory "1"]
[SourceTitle "EXT 2012"]
[Source "ChessBase"]
[SourceDate "2011.11.24"]
[SourceVersion "1"]
[SourceVersionDate "2011.11.24"]
[SourceQuality "1"]

1. d4 d5 2. c4 c6 3. cxd5 cxd5 4. Nc3 Nc6 5. Bf4 Nf6 6. e3 a6 7. Qb3 Na5 8. Qc2 Bd7 9. Bd3 Rc8 10. Nge2 e6 11. 0-0 Nc6 12. a3 Nh5 13. b4 Nxf4 14. Nxf4 Bd6 15. Nfe2 f5 16. Qb3 Qh4 17. g3 Qe7 18. Na4 h5 19. Nb6 Rc7 20. Na8 Rc8 21. Nb6 Rd8 22. b5 axb5 23. Bxb5 h4 24. Nxd7 Rxd7 25. Nf4 Kf7 26. Bxc6 bxc6 27. Nd3 Qg5 28. f4 Qh6 29. gxh4 Qxh4 30. Qc2 g5 31. Ne5+ Bxe5 32. fxe5 Qh3 33. Qf2 1/2-1/2

[Event "Poltavskaya"]
[Site "Poltavskaya"]
[Date "2010.??.??"]
[Round "9"]
[White "Magomedov, Murad"]
[Black "Demurin, Evgeny"]
[Result "1-0"]
[WhiteElo "2350"]
[BlackElo "2100"]
[PlyCount "55"]
[EventDate "2010.??.??"]
[EventType "tourn"]
[EventRounds "11"]
[EventCountry "RUS"]
[EventCategory "1"]
[SourceTitle "EXT 2012"]
[Source "ChessBase"]
[SourceDate "2011.11.24"]
[SourceVersion "1"]
[SourceVersionDate "2011.11.24"]
[SourceQuality "1"]

1. Nf3 c5 2. c4 e6 3. Nc3 Nf6 4. g3 d5 5. cxd5 exd5 6. d4 cxd4 7. Nxd4 Nc6 8. Bg2 Be7 9. 0-0 0-0 10. Bg5 h6 11. Be3 Nxd4 12. Bxd4 Be6 13. Qb3 b6 14. Bxf6 Bxf6 15. Nxd5 Bxd5 16. Bxd5 Rc8 17. Rad1 Qe7 18. e4 Qe5 19. Rd2 Rfd8 20. Bxf7+ Kf8 21. Bd5 Rd6 22. Rfd1 Rcd8 23. f4 Qe7 24. e5 Bxe5 25. fxe5 Qxe5 26. Rf2+ Rf6 27. Rxf6+ gxf6 28. Bf3 1-0

[Event "Armavir Kovcheg Rating"]
[Site "Armavir"]
[Date "2008.11.21"]
[Round "9"]
[White "Maiorov, Oleg Ivanovich"]
[Black "Demurin, Evgeny"]
[Result "1-0"]
[WhiteElo "2417"]
[BlackElo "2097"]
[PlyCount "85"]
[EventDate "2008.11.14"]
[EventType "tourn"]
[EventRounds "9"]
[EventCountry "RUS"]
[EventCategory "4"]
[SourceTitle "EXT 2022"]
[Source "ChessBase"]
[SourceDate "2021.10.06"]
[SourceVersion "1"]
[SourceVersionDate "2021.10.06"]
[SourceQuality "1"]

1. e4 d6 2. d4 Nf6 3. Nc3 e5 4. Nf3 Nbd7 5. Bc4 h6 6. 0-0 Be7 7. a4 a5 8. Qe2 c6 9. Rd1 Qc7 10. Bb3 0-0 11. h3 Re8 12. dxe5 dxe5 13. Qc4 Rf8 14. Be3 Nb6 15. Qe2 Nfd7 16. Nh2 Nf6 17. Qf3 Kh7 18. Ng4 Nxg4 19. hxg4 f6 20. Qh3 Nd7 21. Qh5 Nc5 22. Bf7 Kh8 23. Bg6 Kg8 24. Bf5 Bxf5 25. gxf5 Rad8 26. Qg6 Rxd1+ 27. Rxd1 Kh8 28. Kh2 Rd8 29. Rh1 Bf8 30. Kg1 Qd7 31. Rh3 Qe8 32. Qg4 Rd7 33. b3 Qd8 34. Ne2 Na6 35. Ng3 Nb4 36. Qe2 Rd1+ 37. Kh2 Rb1 38. Nh5 Qd1 39. Qc4 Qd7 40. Nxf6 gxf6 41. Bxh6 Bxh6 42. Rxh6+ Kg7 43. Rg6+ 1-0

[Event "Armavir Kovcheg Rating"]
[Site "Armavir"]
[Date "2008.11.20"]
[Round "8"]
[White "Demurin, Evgeny"]
[Black "Skorchenko, Dmitry"]
[Result "0-1"]
[WhiteElo "2097"]
[BlackElo "2488"]
[PlyCount "112"]
[EventDate "2008.11.14"]
[EventType "tourn"]
[EventRounds "9"]
[EventCountry "RUS"]
[EventCategory "4"]
[SourceTitle "EXT 2022"]
[Source "ChessBase"]
[SourceDate "2021.10.06"]
[SourceVersion "1"]
[SourceVersionDate "2021.10.06"]
[SourceQuality "1"]

1. d4 Nf6 2. c4 e6 3. Nc3 Bb4 4. Nf3 b6 5. Bg5 Bb7 6. e3 h6 7. Bh4 Bxc3+ 8. bxc3 g5 9. Bg3 Ne4 10. Qc2 Nxg3 11. hxg3 d6 12. Bd3 Nd7 13. a4 a5 14. Be4 Bxe4 15. Qxe4 Ke7 16. Rb1 Qg8 17. Qc6 Ra7 18. Nd2 Nb8 19. Qf3 Qg6 20. e4 h5 21. Nf1 Nd7 22. Kd2 Raa8 23. Re1 Raf8 24. Ne3 Kd8 25. Nd1 Re8 26. Re2 e5 27. Ree1 h4 28. g4 Qg7 29. Qd3 exd4 30. cxd4 c5 31. dxc5 dxc5 32. Nc3 Qd4 33. Qxd4 cxd4 34. Nb5 Nc5 35. f3 Nxa4 36. Nxd4 Kd7 37. Rb1 Rc8 38. Rhc1 Rhd8 39. Ke3 Kc7 40. Nb5+ Kb8 41. Nd4 Kb7 42. Rb5 Rc5 43. Rxc5 Nxc5 44. Rb1 f6 45. Rb2 Rd6 46. Ra2 Nd7 47. Rb2 Ne5 48. Rc2 a4 49. Rc3 Ka6 50. Rc2 Rd8 51. c5 bxc5 52. Rxc5 a3 53. Rc2 Ka5 54. Ra2 Kb4 55. Ra1 Nc4+ 56. Kd3 Kc5 0-1

[Event "Armavir Kovcheg Rating"]
[Site "Armavir"]
[Date "2008.11.19"]
[Round "7"]
[White "Demurin, Evgeny"]
[Black "Fomichenko, Svetlana"]
[Result "0-1"]
[WhiteElo "2097"]
[BlackElo "2288"]
[PlyCount "110"]
[EventDate "2008.11.14"]
[EventType "tourn"]
[EventRounds "9"]
[EventCountry "RUS"]
[EventCategory "4"]
[SourceTitle "EXT 2022"]
[Source "ChessBase"]
[SourceDate "2021.10.06"]
[SourceVersion "1"]
[SourceVersionDate "2021.10.06"]
[SourceQuality "1"]

1. d4 f5 2. g3 Nf6 3. Bg2 g6 4. Nf3 Bg7 5. 0-0 0-0 6. b3 d6 7. Bb2 Qe8 8. Nbd2 Nc6 9. Re1 e5 10. dxe5 dxe5 11. e4 f4 12. Qe2 fxg3 13. fxg3 Qe7 14. Kh1 Bg4 15. Rf1 Bh6 16. Rad1 Rad8 17. Nc4 Nd4 18. Bxd4 exd4 19. e5 c5 20. h3 Nh5 21. Kh2 Bf5 22. a4 b6 23. Rfe1 Be6 24. Rf1 Ng7 25. Nd6 Nf5 26. Nxf5 Rxf5 27. Nd2 Rxf1 28. Rxf1 Bf5 29. Qc4+ Kg7 30. Nf3 d3 31. g4 Be6 32. Qe4 d2 33. Rd1 Bd5 34. Qe2 Bf4+ 35. Kh1 Bxf3 36. Qxf3 Qxe5 37. Qe4 Qxe4 38. Bxe4 Re8 39. Bf3 Re3 40. Kg2 Rc3 41. Be4 Rg3+ 42. Kf2 Rxh3 43. Bd3 Kf6 44. Be2 Ke5 45. Kg2 Rc3 46. Bd3 Rxd3 47. cxd3 Kd4 48. Kf3 Kxd3 49. Rh1 g5 50. Ra1 a6 51. Rh1 b5 52. axb5 axb5 53. Kf2 c4 54. bxc4 bxc4 55. Ra1 c3 0-1

[Event "Armavir Kovcheg Rating"]
[Site "Armavir"]
[Date "2008.11.17"]
[Round "5"]
[White "Demurin, Evgeny"]
[Black "Karabakhtsian, Adroniks"]
[Result "0-1"]
[WhiteElo "2097"]
[BlackElo "2284"]
[PlyCount "130"]
[EventDate "2008.11.14"]
[EventType "tourn"]
[EventRounds "9"]
[EventCountry "RUS"]
[EventCategory "4"]
[SourceTitle "EXT 2022"]
[Source "ChessBase"]
[SourceDate "2021.10.06"]
[SourceVersion "1"]
[SourceVersionDate "2021.10.06"]
[SourceQuality "1"]

1. d4 Nf6 2. c4 g6 3. Nc3 d5 4. cxd5 Nxd5 5. e4 Nxc3 6. bxc3 Bg7 7. Qa4+ Nd7 8. Nf3 0-0 9. Bg5 c5 10. Rb1 Qc7 11. Bd3 cxd4 12. cxd4 e5 13. 0-0 exd4 14. Rfc1 Qd6 15. Qb4 Qxb4 16. Rxb4 a5 17. Rbb1 b6 18. Bb5 Ra7 19. Bxd7 Bxd7 20. Rxb6 Re8 21. Nd2 Be6 22. a4 Raa8 23. f3 Rec8 24. Rbc6 Rxc6 25. Rxc6 Bd7 26. Rc4 Bf8 27. Kf2 Bb4 28. Ke2 Bxa4 29. Rxd4 Bb5+ 30. Kd1 Rc8 31. Bf6 Kf8 32. Rd5 Ba4+ 33. Ke2 Bc6 34. Rd8+ Rxd8 35. Bxd8 Bb5+ 36. Kd1 a4 37. Bf6 Bd3 38. Kc1 Ke8 39. Nb1 a3 40. Nd2 Kd7 41. Bd4 Kc6 42. Nb3 Kb5 43. Ba1 Bf1 44. g3 Bg2 45. Nd4+ Kc4 46. Kc2 g5 47. Nc6 Bd6 48. Ne5+ Bxe5 49. Bxe5 Bxf3 50. h4 Bxe4+ 51. Kd2 gxh4 52. gxh4 Kb3 53. Bf6 Ka2 54. Kc1 Bd3 55. Be5 f5 56. h5 Be2 57. h6 Bd3 58. Kd2 Be4 59. Kc1 Kb3 60. Kd2 a2 61. Kd1 f4 62. Bd4 f3 63. Kd2 Bg6 64. Be5 Bh5 65. Ke3 Kc2 0-1